000 01148nam a2200289 i 4500
001 197755
003 SpMaBN
005 20250828063308.0
008 250722s2024 sp |||||| 000 | spa|
017 _aM 3500-2025
_bOficina Depósito Legal Madrid
020 _a9788410940345
040 _aSpMaBN
_bspa
_cSpMaBN
_erda
100 1 _919376
_aAlbiac, Gabriel
_eaut
245 1 0 _aEl eclipse del padre :
_buna crítica de la razón woke /
_cGabriel Albiac.
250 _aPrimera edición: marzo de 2025
260 _aMadrid :
_bLa esfera de loas libros,
_c2025.
300 _a230 páginas ;
_c23 cm.
336 _atexto
_2rdacontent
337 _asin mediación
_2rdamedia
338 _avolumen
_2rdacarrier
655 0 _9234319
_aNovelas
852 _aES-MaACL
_cDEPOJ
_jN-10574
_gDedicatoria autógrafa del autor
_hDonación: Gabriel Albiac
_xEncuadernación rústica con solapas
_9206697
942 _cMONOGRAFIA
_n0
999 _c197755
_d197755